00724nam a2200205 i 450000100060000000300090000600500170001500700030003200800410003510000270007624501060010325000150020926000330022430000340025770000280029170000280031985200320034799900170037995201220039684830ES-MaACL20230906175122.0t|041124s1970 sp ||||1| spa d1 aJohnston, T. B.96677910aSinopsis de Anatomía regional / cT.B. Johnston ; revisado por Roger Warwick ; versión A. Jornet. a[1ª ed.]. aBarcelona : bJims, c[1970] aXV, 533 p. : bil. ; c22 cm.1 aWarwick, Roger.91161411 aJornet Cases, A.966960 aES-MaACLjC-38141 bR.76465 c84830d84830 00104070aATENEOMbATENEOMcDEPO2d2008-01-17eSCl0oC-38141p1088652r2023-02-23 00:00:00w2023-02-23yMONOGRAFIA